00735nam a2200253 a 4500001001300000003000900013005001700022008004100039020001000080082001800090100002200108245002900130260003300159300001000192500003500202505001700237650003000254650002200284700002200306902000800328942000700336952012100343999001700464nice12345678IN_TiNIC20260116015250.0050524s1972 laha grp 000 0 eng  ac90000a297.0946bBUR aBurckhardt, Titus aMoorish Culture in Spain aLahorebSuhail Academyc1972 a219p. aincludes index and biblioraphy2 abibliography aSpain-Civilization-Islami aCivilization-Arab1 aBurckhardt, Titus bSRS cBK 001040708StackRoom-aHMIbHMId2010-11-01g900.00l0o297.0946 BURp11000662r2010-11-01v900.00w2005-05-24yBK c18982d18982